00351nam a2200109Ia 4500008004100000082000800041100001700049245005900066942000600125952009500131999001500226240331s9999 xx 000 0 und d bSEN aSenadheera,S 0aAdyapanaye sarthakawathwayata balapana iganeeme purudu cL 001040708LaWERCLbWERCLcSSCd2024-03-31l0o 370 SENp3780r2024-03-31w2024-03-31yL c3264d3264